VI Congreso Iberoamericano de Pedagogía: hacia una transformación educativa con sentido de equidad e inclusión

Guardat en:
Dades bibliogràfiques
Autor principal: Maureira Cabrera, Oscar (autor)
Autor corporatiu: Universidad Cátolica Silva Henríquez (Autor), Pontificia Universidad Católica de Valparaíso (Autor)
Altres autors: Montecinos Sanhueza, Carmen Lucía (autora)
Format: Llibre
Idioma:espanyol
Publicat: Santiago Universidad Cátolica Silva Henríquez 2014
Santiago Pontificia Universidad Católica de Valparaíso 2014
Edició:1a. ed
Matèries:
Etiquetes: Afegir etiqueta
Sense etiquetes, Sigues el primer a etiquetar aquest registre!

MARC

LEADER 00000cam a2200000 a 4500
001 UCE4127
003 CL-VaPUC
005 20221107170406.0
008 141009e20140000cl |||||||||||||||||spa|d
999 |c 357190  |d 357188 
020 |a 9789563410204 
040 |c Pontificia Universidad Católica de Valparaíso 
082 0 4 |a 371.952 MAU 2014  |2 21 
100 |a Maureira Cabrera, Oscar  |e autor  |9 576702 
110 2 |a Universidad Cátolica Silva Henríquez  |e author  |9 576704 
245 1 0 |a VI Congreso Iberoamericano de Pedagogía: hacia una transformación educativa con sentido de equidad e inclusión 
250 |a 1a. ed 
260 |a Santiago  |b Universidad Cátolica Silva Henríquez  |c 2014 
260 |a Santiago  |b Pontificia Universidad Católica de Valparaíso  |c 2014 
300 |a 111 p 
583 |a last modification  |c 20190909 10:46:18  |k Rodrigo Vera 
650 0 |a Reforma educacional   |9 256319 
650 7 |a POLITICAS EDUCACIONALES  |2 CL-VaPUC  |9 576706 
650 0 |a Integración escolar  |9 312238 
650 0 |a Educación especial  |9 307486 
650 7 |a EDUCACION DIFERENCIAL  |2 CL-VaPUC  |9 338931 
700 |a Montecinos Sanhueza, Carmen Lucía  |e autora  |9 548891 
710 2 |a Pontificia Universidad Católica de Valparaíso  |e author  |9 576705 
942 |c BK  |2 ddc 
945 |d 20141009 14:36:00  |a arojas 
952 |0 0  |1 0  |3 erb  |4 0  |6 371_952000000000000_MAU_2014_2014  |7 0  |8 A  |9 465023  |a BIBEDU  |b BIBEDU  |i 511814K  |l 1  |o 371.952 MAU 2014 2014  |p 511814K  |r 2024-08-19  |s 2024-08-01  |w 2019-11-23  |y BK  |z Catalogado en:20141009  |k BME